| 000 | 02339cam a2200529 a 4500 | ||
|---|---|---|---|
| 001 | sjds1082572 | ||
| 003 | sjds | ||
| 005 | 20200706095425.0 | ||
| 008 | 090209t20092009txua c 000 1 eng | ||
| 010 | _a 2009003481 | ||
| 020 | _a9781558855441 (pbk. : alk. paper) | ||
| 020 | _a1558855440 (pbk. : alk. paper) | ||
| 035 | _a415393 | ||
| 035 | _a(OCoLC)310171752 | ||
| 035 | _a415393 | ||
| 040 |
_aDLC _cDLC _dBTCTA _dTXH _dJTH _dIF9 _dIFA _dUtOrBLW |
||
| 041 | 0 |
_aeng _aspa |
|
| 049 | _aIFAA | ||
| 099 | _aCHILDREN ESPANOL FICTION GARCIA 2009 | ||
| 100 | 1 |
_aGarcía, Nasario, _eauthor. |
|
| 245 | 1 | 0 |
_aRuido de cadenas y otros cuentos para ninos / _cNasario Garcia = Rattling chains and other stories for children / por Nasario Garcia. |
| 246 | 3 | 1 | _aRattling chains and other stories for children |
| 260 |
_aHouston, Tex. : _bPinata Books, _cc2009 |
||
| 264 | 1 |
_aHouston, Tex. : _bPiñata Books, _c[2009] |
|
| 264 | 4 | _cc2009 | |
| 300 |
_a61, 60 pages : _billustrations ; _c22 cm |
||
| 336 |
_atext _btxt _2rdacontent |
||
| 337 |
_aunmediated _bn _2rdamedia |
||
| 338 |
_avolume _bnc _2rdacarrier |
||
| 505 | 0 | 0 |
_gEl _tnicho mágico -- _gEl _tCoquimbo -- _tSe acabó el Coco! -- _gUn _ttesoro enterrado -- _tRuido de cadenas. |
| 505 | 0 | 0 |
_gThe _gmagical Nicho -- _gThe _tCoquimbo owl -- _tNo more bogeyman! -- _gA _tburied treasure -- _tRattling chains. |
| 520 | _aA collection of scary stories based on the lore of New Mexico, in English and in Spanish. | ||
| 526 | 0 |
_aAccelerated Reader _bMG _c4.9 _d2.0 _z152610 |
|
| 546 | _aText in Spanish and English. | ||
| 546 | _aTexto en español e inglés. | ||
| 650 | 0 |
_aHispanic Americans _zNew Mexico _vFolklore. |
|
| 650 | 0 |
_aHorror tales _zNew Mexico _vJuvenile literature. |
|
| 650 | 0 |
_aFolklore _zNew Mexico _vJuvenile literature. |
|
| 650 | 0 |
_aUpside-down books _vSpecimens _vJuvenile literature. |
|
| 650 | 0 |
_aSpanish language materials _xBilingual _vJuvenile literature. |
|
| 650 | 7 |
_aHispanoestadounidenses _zNuevo México _vFolklore _vNovela juvenil. _2bidex |
|
| 650 | 7 |
_aCuentos populares de terror _zNuevo México _vLiteratura juvenil. _2bidex |
|
| 650 | 7 |
_aFolklore _zNuevo México _vLiteratura juvenil. _2bidex |
|
| 650 | 7 |
_aLibros al reves _xEspecímenes _vLiteratura juvenil. _2local |
|
| 650 | 7 |
_aMateriales bilingues en espanol _vLiteratura juvenil. _2bidex |
|
| 942 |
_cBK _2ddc |
||
| 999 |
_c24667 _d24667 |
||